000 00607nam a2200241Ia 4500
003 OSt
005 20220924140027.0
006 a|||||r|||| 00| 0
007 ta
008 220923b |||||||| |||| 00| 0 ben d
024 _a293378
037 _cTextual
040 _aARTS
_cARTS
_bben
041 _2ben
_aben
082 _aO157,1NPA1x1, K9
100 _aParamananda
_9210867
245 0 _aKal - mrigaya
260 _c1969
650 _aBENGALI LITERATURE
700 _a Saraswati
942 _hO157,1NPA1x1, K9
_cTEXL
_2CC
999 _c442681
_d442681